LEADER 01219nam a2200229 i 4500 001 000000023334 003 CaOOAMICUS 005 20210831104426.0 008 180830s1974 fr u000 u und u 040 $aSeMil$bita 100 1 $aCourcelle, Pierre,$d<1912-1980>.$0(OLS)http://semarc/name/10417 245 10$aConnais-toi toi-même :$bde Socrate a saint Bernard /$cPierre Courcelle. 260 $aParis :$bÉtudes Augustiniennes,$c1974-1975. 300 $a3 v. ;$c25 cm. 490 1 $aCollection d'Études augustiniennes. Série antiquité 774 0 $aCourcelle, Pierre <1912-1980>$t[Tome 1].$kCollection d'Études augustiniennes. Série antiquité$g1$w()189484 774 0 $aCourcelle, Pierre <1912-1980>$t[Tome 2].$kCollection d'Études augustiniennes. Série antiquité$g2$w()189488 774 0 $aCourcelle, Pierre <1912-1980>$t[Tome 3].$kCollection d'Études augustiniennes. Série antiquité$g3$w()189489 830 0$aCollection d'Études augustiniennes. Série antiquité.$0(OLS)http://semarc/title/9394 996 $6245$aConnais-toi toi-même :$bde Socrate a saint Bernard$9(OLS)http://semarc/title/31288 996 $6260$aParis :$bÉtudes Augustiniennes$9(OLS)http://semarc/publisher/30131 LEADER 00679nam a2200169 i 4500 001 000000045885 003 CaOOAMICUS 005 20120622000000.0 008 120622s1875 xx u000 u lat u 013 $a17055 040 $aSeMil$bita 245 10$aPars 1., In sessionem tertiam. 300 $a143 p. 773 0 $aParocchi, Lucido Maria $tCommentarius in Sacrosanctum Concil. Oecum. Vaticanum.$dMediolani : Ex typis Scholae catholicae : apud Seraphinum Ghezzi, 1875.$g1$w()26937 850 $aSeMil 852 $aSeMil$W1$xVenegono$y1$m2A III 33 FA$j12040$B12040$CSeMilBibl$Z2$F12040 $8I 996 $6245$aPars 1., In sessionem tertiam$9(OLS)http://semarc/title/68419 LEADER 01612nam a2200301 4500 001 000000341995 003 CaOOAMICUS 005 20201015095732.0 008 200911s2019 it 000 u ita r 020 $a978-88-498-5997-3 040 $aSeMil$bita 100 1 $aMartinez, Salvatore,$d<1966- >.$0(OLS)http://semarc/name/43626 245 13$aLa vera rivoluzione è spirituale :$bla straordinaria attualità dell'umanesimo cristiano in don Luigi Sturzo /$cSalvatore Martinez ; prefazione di Angelo Bagnasco. 264 1$aSoveria Mannelli :$bRubbettino,$c2019. 300 $a139 p. ;$c21 cm 500 $aSegue: Antologia : testi scelti da Problemi spirituali del nostro tempo; La vera vita : sociologia del soprannanturale, di L. Sturzo 541 0 $aFondo mons. Mario Delpini 650 4$aSturzo, Luigi - Pensiero politico.$0(OLS)http://semarc/subject/25604 650 4$aUmanesimo cristiano.$0(OLS)http://semarc/subject/2996 700 1 $aSturzo, Luigi,$c.$0(OLS)http://semarc/name/414 700 1 $aBagnasco, Angelo,$c.$0(OLS)http://semarc/name/43104 850 $aSeMil 852 $aSeMil$W1$xVenegono$y1$m3N II 730$j221928$B233025$CSeMilBibl$Z2$F233025 $81 941 1 $a7 996 $6020$a978-88-498-5997-3$9(OLS)http://semarc/number/291199 996 $6245$aLa vera rivoluzione è spirituale :$bla straordinaria attualità dell'umanesimo cristiano in don Luigi Sturzo$9(OLS)http://semarc/title/430883 996 $6264$aSoveria Mannelli :$bRubbettino$9(OLS)http://semarc/publisher/32145